000 00582nam a22001931a 4500
001 7334
003 OSt
005 20260204212127.0
008 071011s2003||||ck ||||||b||||||||||spa||
020 _a9580475288
050 _a658.3128 B592c
100 _aBlanchard, Ken
245 _aCierre las brechas: busque el máximo rendimiento y alcáncelo / Ken Blanchard, Dana Robinson y Jim Robinson
264 _aColombia : Grupo Norma
300 _a144 p
650 _aTrabajo en Equipo 2.Administración de Personal
700 _aRobinson, Dana II.Robinson, JimÌ
942 _2ddc
_cBK
999 _c7334
_d7334